000 00681nam a2200241 i 4500
001 18157
003 ES-MaACL
005 20250330062525.0
007 t|
008 011001s1980 fr ||||1| fre d
020 _a2-213-00856-6
080 _a32 Marx, Karl
080 _a330.852
100 1 _aLefebvre, Henri.
_971225
245 1 4 _aUne pensée devenue monde
_b: fault-il abandonner Marx ? /
_cHenri Lefebvre.
260 _aParis :
_bFayard,
_c[1980]
300 _a263 p. ;
_c24 cm.
500 _aBiblioteca Juan Andrade.
600 1 4 _aMarx, Karl,
_d1818-1883
_978590
650 1 4 _aMarxismo.
_914803
852 _aES-MaACL
_jAND-95
_bR.109420
999 _c18157
_d18157